000 00439nam a2200169Ia 4500
003 GCL
008 140319s9999 xx 000 0 eng d
040 _aGCL /
_cGCL
082 0 4 _a629.13252
_bT A
100 1 _aTHOM, TREVOR
245 1 0 _aTHE AEROPLANE - THECHNICAL /
_cTHOM, TREVOR
260 _a[S.N] :
_bAIRLIFE PUBLISHING ،
_c1995
300 _a369
650 0 4 _aAIRPLANES - PILOTING
650 0 4 _aPRIVATE FLYING
942 _2ddc
_cBK
999 _c11306
_d11306